SPSS 6.1 categories
Αποθηκεύτηκε σε:
| Συγγραφή απο Οργανισμό/Αρχή: | |
|---|---|
| Μορφή: | Βιβλίο |
| Γλώσσα: | English |
| Δημοσίευση: |
Chicago, Ill. :
SPSS Inc.,
c1994
|
| Θέματα: | |
| Ετικέτες: |
Προσθήκη ετικέτας
Δεν υπάρχουν, Καταχωρήστε ετικέτα πρώτοι!
|
MARC
| LEADER | 00000cam a2200000 i 4500 | ||
|---|---|---|---|
| 001 | 1/55051 | ||
| 008 | 070917s1994 eng d | ||
| 020 | |a 0-13-182320-5 | ||
| 035 | |l 10090755 | ||
| 040 | |a GR-MY-UA |b gre |e aacr | ||
| 041 | 0 | |a eng | |
| 082 | 0 | |a 005.55 |2 (22) | |
| 110 | 2 | |a SPSS Inc. | |
| 245 | 1 | 0 | |a SPSS 6.1 categories / |c SPSS Inc. |
| 260 | |a Chicago, Ill. : |b SPSS Inc., |c c1994 | ||
| 300 | |a 209 σ.; |b εικ.; |c 23 εκ. | ||
| 504 | |a Βιβλιογραφία : σ. 195-196. Ευρετήριο | ||
| 630 | 0 | 0 | |a SPSS (Computer file) |
| 650 | 0 | 0 | |a Social sciences |x Statistical methods |x Computer programs. |
| 852 | |a INST |b CHIOS |e 20070917 |h 005.55 SPS |p 005200028884 |q 005200028884 |t BK |y 0 | ||
| 901 | |a BIBL2-2007-3 | ||
| 909 | |a Χ |b 131212 | ||
| 970 | |a ΒΑΡΦΗΣ |b ΒΑΓΓΕΛΗΣ |z 2007/09/17 | ||